Statistics for All Metro and Micro Areas on the West Coast

Click here to take the quiz!

General Stats

  • This quiz has been taken 13 times
  • The average score is 34 of 75

Answer Stats

#PopulationState(s)Metro Or MicroAnswer% Correct
10916,108CaliforniaMetroBakersfield
100%
112,872,322CaliforniaMetroLos Angeles-Long Beach-Anaheim
100%
34,579,599CaliforniaMetroSan Francisco-Oakland-Berkeley
100%
44,034,248WashingtonMetroSeattle-Tacoma-Bellevue
100%
91,015,190CaliforniaMetroFresno
91%
72,416,702CaliforniaMetroSacramento-Roseville-Folsom
91%
53,276,208CaliforniaMetroSan Diego-Chula Vista-Carlsbad
91%
81,938,524CaliforniaMetroSan Jose-Sunnyvale-Santa Clara
91%
13597,919WashingtonMetroSpokane-Spokane Valley
91%
62,509,140Oregon, WashingtonMetroPortland-Vancouver-Hillsboro
82%
19436,317OregonMetroSalem
82%
12793,229CaliforniaMetroStockton
82%
24,667,558CaliforniaMetroRiverside-San Bernardino-Ontario
73%
29230,677WashingtonMetroBellingham
64%
32206,549OregonMetroBend
64%
21382,353OregonMetroEugene-Springfield
64%
30221,644OregonMetroMedford
64%
14551,275CaliforniaMetroModesto
64%
15482,650CaliforniaMetroSanta Rosa-Petaluma
64%
28257,001WashingtonMetroYakima
64%
31207,303CaliforniaMetroChico
55%
38135,010CaliforniaMicroEureka-Arcata
55%
24290,014CailforniaMetroMerced
55%
39134,300CaliforniaMetroNapa
55%
23298,758WashingtonMetroOlympia-Lacey-Tumwater
55%
11832,605CaliforniaMetroOxnard-Thousand Oaks-Ventura
55%
34180,930CaliforniaMetroRedding
55%
18443,837CaliforniaMetroSanta Maria-Santa Barbara
55%
17448,747CaliforniaMetroVallejo
55%
16477,544CaliforniaMetroVisalia
55%
6161,890WashingtonMetroWalla Walla
55%
22311,469WashingtonMetroKennewick-Richland
45%
5570,212OregonMicroKlamath Falls
45%
27264,370CaliforniaMetroSanta Cruz-Watsonville
45%
5477,038WashingtonMicroAberdeen
36%
4797,630OregonMetroCorvallis
36%
5087,730OregonMetroGrants Pass
36%
40131,179WashingtonMetroMount Vernon-Anacortes
36%
6547,141WashingtonMicroPullman
36%
20432,858CaliforniaMetroSalinas
36%
25282,013CaliforniaMetroSan Luis Obispo-Paso Robles
36%
42124,118WashingtonMetroWenatchee
36%
33182,813CaliforniaMetroYuba City
36%
41130,467OregonMetroAlbany-Lebanon
27%
6741,190OregonMicroAstoria
27%
26277,673WashingtonMetroBremerton-Silverdale-Port Orchard
27%
7423,404OregonMicroBrookings
27%
5285,370WashingtonMicroCentralia
27%
35178,713CaliforniaMetroEl Centro
27%
37152,981CaliforniaMetroHanford-Corcoran
27%
7323,965OregonMicroHood River
27%
5865,512Idaho, WashingtonMetroLewiston
27%
44111,956WashingtonMetroLongview
27%
36160,256CaliforniaMetroMadera
27%
46101,311WashingtonMicroMoses Lake
27%
6257,109Oregon, IdahoMicroOntario
27%
5377,805WashingtonMicroPort Angeles
27%
5965,245CaliforniaMicroRed Bluff
27%
6354,993CaliforniaMicroSonora
27%
7026,639OregonMicroThe Dalles
27%
4989,783CaliforniaMicroUkiah
27%
5668,191CaliforniaMicroClearlake
18%
6064,908OregonMicroCoos Bay
18%
6927,462CaliforniaMicroCrescent City
18%
6644,424WashingtonMicroEllensburg
18%
4893,343OregonMicroHermiston-Pendleton
18%
7126,286OregonMicroLa Grande
18%
6450,334OregonMicroNewport
18%
7520,557WashingtonMicroOthello
18%
7224,987OregonMicroPrineville
18%
43112,297OregonMicroRoseburg
18%
6831,873CaliforniaMicroSusanville
18%
45102,293CaliforniaMicroTruckee-Grass Valley
18%
5186,625WashingtonMicroOak Harbor
9%
5768,166WashingtonMicroShelton
9%

Score Distribution

Percentile by Number Answered

Percent of People with Each Score

Your Score History

You have not taken this quiz